000 00712nam a2200289Ia 4500
005 20260324135736.0
008 008 260324s9999 xx 000 0 eng d
020 _a9781315185699
037 _aEBOOK
040 _aCRL
040 _beng
040 _cCRL
041 _2eng
041 _aeng
084 _qCRL
100 _aStefanie Knauder
_91201736
245 0 _aGlobalization, Urban Progress, Urban Problems, Rural Disadvantages
245 0 _bEvidence from Mozambique
260 _bTaylor and Francis
260 _c2000
365 _a
365 _b140
856 _uhttp://www.taylorfrancis.com/books/9781315185699
942 _cEBOOK
999 _c1803141
_d1803141